Normal view
MARC view
- Principles of high resolution Radar
Entry Topical Term
001 - CONTROL NUMBER
- control field: 127063
003 - CONTROL NUMBER IDENTIFIER
- control field: NUST
005 - DATE AND TIME OF LATEST TRANSACTION
- control field: 20241210113335.0
008 - FIXED-LENGTH DATA ELEMENTS
- fixed length control field: 241210|| aca||aabn | a|a d
040 ## - CATALOGING SOURCE
- Original cataloging agency: NUST
- Transcribing agency: NUST
150 ## - HEADING--TOPICAL TERM
- Topical term or geographic name entry element: Principles of high resolution Radar
670 ## - SOURCE DATA FOUND
- Source citation: Work cat.: (NUST): August W. Rihaczek 127062, Principles of high resolution Radar , 1996.
